00353nam a2200121Ia 4500082001700000100001700017245004600034260003600080300003400116650003400150650002100184650002600205 a915.44 SHA-; aSharma, R.C. 0aSettlement geography of the Indian desert aNew DelhibKumar Brothersc1972 a199p.: Maps, Graphs, Diagrams aHuman settlements - Rajasthan aRajasthan - Maps aGeography - Rajasthan